Loading...
| Science - Chemistry | 1 | 4 | 1 | 1 | 50 | 38 | 104.80 | 3 | 5 | 0.00 | 0.00 |
| Science - Other | 2 | 3 | 2 | 0 | 50 | 58 | 86.60 | 5 | 5 | 0.00 | 0.00 |
| Social Science | 1 | 2 | 1 | 0 | 30 | 12 | 71.00 | 1 | 3 | 0.00 | 0.00 |
| Science - Physics | 1 | 2 | 2 | 0 | 25 | 44 | 71.33 | 3 | 3 | 0.00 | 0.00 |
| Science - Biology | 0 | 2 | 1 | 1 | 15 | 91 | 104.00 | 1 | 2 | 0.00 | 0.00 |
| Fine Arts - Painting and Sculpture | 0 | 1 | 0 | 0 | 10 | 143 | 143.00 | 0 | 1 | 0.00 | 0.00 |
| Science - Math | 0 | 1 | 0 | 0 | 10 | 91 | 91.00 | 1 | 1 | 0.00 | 0.00 |
| Mythology | 0 | 1 | 0 | 0 | 10 | 147 | 147.00 | 1 | 1 | 0.00 | 0.00 |
| Current Events | 0 | 1 | 0 | 0 | 10 | 76 | 76.00 | 0 | 1 | 0.00 | 0.00 |
| Religion | 0 | 0 | 1 | 0 | -5 | 0.00 | 0 | 0 | 0.00 | 0.00 |